[Event "Mittelfr. EM 2017 - Nebenturnier"]
[Site "Uttenreuth"]
[Date "2017.04.14"]
[Round "6.2"]
[White "Schlötterer, Hermann"]
[Black "Petrashov, Alexander"]
[Result "0-1"]
[WhiteElo "1877"]
[BlackElo "1899"]
[PlyCount "112"]
[EventDate "2017.??.??"]
[WhiteTeam "Spvg Zabo-Eintracht Nürnberg e.V"]
[BlackTeam "SC Noris-Tarrasch Nürnberg 1873"]

1. d4 e6 2. g3 d5 3. Bg2 c6 4. Nf3 Nf6 5. O-O Nbd7 6. c4 Bd6 7. Nc3 O-O 8. Bg5
h6 9. Bxf6 Nxf6 10. Nd2 Bc7 11. e4 dxe4 12. Ndxe4 Nxe4 13. Nxe4 Bb6 14. c5 Bc7
15. f4 Qe7 16. Qe2 Rd8 17. Rfd1 a5 18. Rac1 b6 19. Nd6 Bxd6 20. cxd6 Rxd6 21.
Rxc6 Rxc6 22. Bxc6 Bb7 23. Qe4 Bxc6 24. Qxc6 Qd8 25. Qe4 Rc8 26. Rd2 Qd6 27. a3
b5 28. Qe5 Qc6 29. Kf2 Qh1 30. Ke3 Qf1 31. Rf2 Qc4 32. Qe4 b4 33. axb4 Qxb4 34.
Qd3 a4 35. Rc2 Rb8 36. Qe2 Qb3+ 37. Qd3 Qd5 38. Kf2 Qh1 39. Ke3 g6 40. Qe2 Rb3+
41. Kd2 Qd5 42. Qe5 Qg2+ 43. Qe2 Qb7 44. Kc1 a3 45. bxa3 Rxa3 46. Qf2 Qb4 47.
Kd1 Ra1+ 48. Ke2 Qb1 49. Kd3 Qd1+ 50. Kc4 Ra4+ 51. Kc3 Ra3+ 52. Kc4 Qd3+ 53.
Kc5 Ra5+ 54. Kd6 Qa6+ 55. Ke7 Qb7+ 56. Kf6 Rf5# 0-1

[Event "Mittelfr. EM 2017 - Nebenturnier"]
[Site "Uttenreuth"]
[Date "2017.04.14"]
[Round "6.3"]
[White "Müller, Lothar"]
[Black "Diller, Andreas"]
[Result "1-0"]
[WhiteElo "1857"]
[BlackElo "1894"]
[PlyCount "87"]
[EventDate "2017.??.??"]
[WhiteTeam "SK Neumarkt e.V."]
[BlackTeam "SK Rothenburg e.V."]

1. d4 e6 2. c4 Nf6 3. Nf3 d5 4. Nc3 Be7 5. e3 O-O 6. Bd3 Nc6 7. a3 b6 8. O-O
Ba6 9. cxd5 Bxd3 10. Qxd3 exd5 11. b4 Re8 12. Bd2 Bd6 13. Rac1 Ne7 14. Ne5 Ng6
15. f4 a5 16. Nb5 Ne4 17. bxa5 Nxd2 18. Qxd2 bxa5 19. Qc3 f6 20. Nxg6 hxg6 21.
Rf3 Qd7 22. Qc6 Qxc6 23. Rxc6 Red8 24. a4 Kf7 25. Rf1 Rab8 26. Nxc7 Rb4 27.
Nxd5 Rxa4 28. Rb1 Ra2 29. Rb7+ Kf8 30. Nc7 Bxc7 31. Rcxc7 Re8 32. Rf7+ Kg8 33.
Rxg7+ Kh8 34. Rge7 Rxe7 35. Rxe7 Kg8 36. Kf1 Kf8 37. Ra7 Ke8 38. h4 Kd8 39. g4
a4 40. h5 gxh5 41. gxh5 Rh2 42. Rxa4 Rxh5 43. Ke2 Ke7 44. Ra6 1-0

[Event "Mittelfr. EM 2017 - Nebenturnier"]
[Site "Uttenreuth"]
[Date "2017.04.14"]
[Round "6.4"]
[White "Feldmann, Gerhard"]
[Black "Babichev, Vyacheslav"]
[Result "1-0"]
[WhiteElo "1824"]
[BlackElo "1863"]
[PlyCount "87"]
[EventDate "2017.??.??"]
[WhiteTeam "SGem Eckental"]
[BlackTeam "SC Schwarz-Weiß Nürnberg Süd e.V"]

1. c4 Nf6 2. Nf3 g6 3. Nc3 Bg7 4. e4 d6 5. d4 O-O 6. Be2 Nbd7 7. O-O Re8 8. Ne1
Nf8 9. Be3 c6 10. f3 Qc7 11. Qd2 e5 12. d5 c5 13. b4 b6 14. a4 a6 15. Nc2 Bd7
16. Ra2 Reb8 17. h3 Nh5 18. Bd3 Nf4 19. Ne2 g5 20. Kh2 h6 21. g4 N8g6 22. Ng3
Nh4 23. Nf5 Bxf5 24. exf5 Nfg2 25. Be4 f6 26. Bf2 Nf4 27. Ne3 Ra7 28. Rb1 Rab7
29. Qe1 Nd3 30. Qd1 Nxf2 31. Rxf2 cxb4 32. Rxb4 Qc5 33. Qe1 b5 34. axb5 axb5
35. Rfb2 Qd4 36. Qe2 Ra7 37. cxb5 Ra1 38. Rxd4 exd4 39. Nc2 Rc1 40. Nxd4 Ra8
41. Ra2 Rac8 42. Nc6 Re8 43. b6 Rc3 44. b7 1-0

[Event "Mittelfr. EM 2017 - Nebenturnier"]
[Site "Uttenreuth"]
[Date "2017.04.14"]
[Round "6.5"]
[White "Weißmann, Peter"]
[Black "Holl, Manfred"]
[Result "0-1"]
[WhiteElo "1737"]
[BlackElo "2109"]
[PlyCount "87"]
[EventDate "2017.??.??"]
[WhiteTeam "SK Zirndorf e.V."]
[BlackTeam "SGem Eckental"]

1. e4 c5 2. Nf3 Nc6 3. d4 cxd4 4. Nxd4 g6 5. Nc3 Bg7 6. Be3 d6 7. Qd2 Nxd4 8.
Bxd4 Nf6 9. f3 O-O 10. g4 Be6 11. h4 Qa5 12. a3 Rfc8 13. Bd3 d5 14. b4 Qc7 15.
e5 Nd7 16. Nb5 Qb8 17. f4 a6 18. Nc3 f6 19. f5 Nxe5 20. Bxe5 Qxe5+ 21. Kd1 Bf7
22. Re1 Qxc3 23. Qxc3 Rxc3 24. Rxe7 b5 25. a4 Bf8 26. Rb7 Rcc8 27. axb5 axb5
28. Rxa8 Rxa8 29. c3 d4 30. Rxb5 dxc3 31. Kc2 Rc8 32. Rb6 Be7 33. b5 Bd8 34.
Ra6 Rb8 35. Kxc3 Kf8 36. Kb4 Ke8 37. Kc5 Rc8+ 38. Kb4 Be7+ 39. Ka5 Bd8+ 40. b6
Rb8 41. Bb5+ Kf8 42. h5 gxf5 43. gxf5 Bxh5 44. Ra7 0-1

[Event "Mittelfr. EM 2017 - Nebenturnier"]
[Site "Uttenreuth"]
[Date "2017.04.14"]
[Round "6.6"]
[White "Balhar, Michael"]
[Black "Walter, Manfred"]
[Result "1/2-1/2"]
[WhiteElo "1791"]
[BlackElo "1800"]
[PlyCount "66"]
[EventDate "2017.??.??"]
[WhiteTeam "SC Erlangen 48/88"]
[BlackTeam "SV Lauf a.d.P."]

1. e4 d6 2. d4 Nf6 3. Nc3 Nbd7 4. Nf3 e5 5. g3 Be7 6. Bg2 c6 7. a4 a5 8. O-O h6
9. Qe2 Qc7 10. b3 Nf8 11. h3 g5 12. dxe5 dxe5 13. Ne1 Ng6 14. Bb2 Be6 15. Nd3
O-O 16. Nd1 Bd6 17. Ne3 Ne7 18. c4 Nd7 19. Rac1 Nc5 20. Nxc5 Bxc5 21. Nc2 Rfd8
22. Rcd1 Rxd1 23. Rxd1 Rd8 24. Rxd8+ Qxd8 25. Bxe5 b5 26. cxb5 cxb5 27. Qxb5
Qc8 28. Nd4 Bd7 29. Qxa5 Ng6 30. Bf6 Bxh3 31. Bxh3 Qxh3 32. Qxc5 Nf4 33. gxf4
Qg4+ 1/2-1/2

[Event "Mittelfr. EM 2017 - Nebenturnier"]
[Site "Uttenreuth"]
[Date "2017.04.14"]
[Round "6.7"]
[White "Rummel, Gerald"]
[Black "Münzenberg, Dietrich"]
[Result "1-0"]
[WhiteElo "1772"]
[BlackElo "1688"]
[PlyCount "89"]
[EventDate "2017.??.??"]
[WhiteTeam "SC Anderssen Nürnberg 1929 e.V."]
[BlackTeam "Spvg Zabo-Eintracht Nürnberg e.V"]

1. Nf3 d5 2. c4 c6 3. g3 f5 4. cxd5 cxd5 5. Bg2 e6 6. O-O Bd6 7. d3 Nf6 8. Nc3
O-O 9. Qc2 Nbd7 10. e4 Qb6 11. Be3 Qa5 12. a3 a6 13. b4 Qc7 14. Rac1 Ng4 15.
Bd2 Ndf6 16. exf5 exf5 17. Qb3 Qf7 18. Ng5 Qd7 19. Nxd5 Nxd5 20. Bxd5+ Kh8 21.
Nf7+ Rxf7 22. Bxf7 Ne5 23. Bd5 Qb5 24. d4 Nc6 25. Be3 Ne7 26. Be6 Bd7 27. Bxd7
Qxd7 28. Bg5 Nc6 29. Qd5 h6 30. Bf4 Rd8 31. Bxd6 Qxd6 32. Qxf5 Qxd4 33. Qc5 Qe4
34. Rfe1 Qf3 35. Qe3 Qh5 36. Qb6 Rd3 37. Qxb7 Nd4 38. Rc8+ Kh7 39. Qe4+ Qg6 40.
Rh8+ Kxh8 41. Qxg6 Nf3+ 42. Kf1 Nxe1 43. Kxe1 Rxa3 44. Qd6 Kh7 45. Qc5 1-0

[Event "Mittelfr. EM 2017 - Nebenturnier"]
[Site "Uttenreuth"]
[Date "2017.04.14"]
[Round "6.8"]
[White "Grasser, Stefan"]
[Black "Diebel, Günter"]
[Result "1/2-1/2"]
[WhiteElo "1755"]
[BlackElo "1874"]
[PlyCount "143"]
[EventDate "2017.??.??"]
[WhiteTeam "Spvg Zabo-Eintracht Nürnberg e.V"]
[BlackTeam "SC Schwarz-Weiß Nürnberg Süd e.V"]

1. c4 e5 2. Nc3 Nf6 3. e4 Bb4 4. Nge2 d6 5. g3 Bg4 6. Bg2 Nc6 7. O-O Qd7 8. a3
Bxc3 9. bxc3 h5 10. f3 Bh3 11. d3 Bxg2 12. Kxg2 h4 13. Rh1 O-O-O 14. Be3 Rh7
15. Bf2 Rdh8 16. gxh4 g5 17. Ng3 gxh4 18. Nf5 Nh5 19. Be3 Ne7 20. Nxe7+ Qxe7
21. Kf2 Rg8 22. Qe2 h3 23. Rhg1 Rhg7 24. Rg4 Rxg4 25. fxg4 Qh4+ 26. Kf1 Qxg4
27. Qxg4+ Rxg4 28. Ra2 b6 29. Rf2 Nf4 30. Bxf4 exf4 31. Ke2 Kd7 32. Kf3 Rh4 33.
d4 Ke6 34. Rf1 f5 35. Rg1 Kf6 36. Rg8 c5 37. Rf8+ Ke6 38. Rxf5 cxd4 39. cxd4
Rh7 40. d5+ Ke7 41. Kxf4 a5 42. a4 Ke8 43. Ke3 Rg7 44. Rh5 Rg2 45. Rxh3 Ra2 46.
Rh8+ Kd7 47. h4 Rxa4 48. h5 Rxc4 49. h6 Rc3+ 50. Kf4 Rh3 51. Kg5 a4 52. Kg6 a3
53. Ra8 Rg3+ 54. Kf5 Rh3 55. Ra7+ Kc8 56. h7 Kb8 57. h8=Q+ Rxh8 58. Rxa3 Kb7
59. Ke6 Re8+ 60. Kxd6 Rxe4 61. Rf3 b5 62. Kc5 b4 63. Rb3 Kc7 64. Rxb4 Rxb4 65.
Kxb4 Kd6 66. Kc4 Kd7 67. Kc5 Kc7 68. d6+ Kd7 69. Kd5 Kd8 70. Ke6 Ke8 71. d7+
Kd8 72. Kd6 1/2-1/2

[Event "Mittelfr. EM 2017 - Nebenturnier"]
[Site "Uttenreuth"]
[Date "2017.04.14"]
[Round "6.9"]
[White "Huber, Dominik"]
[Black "Dreiseitel, Werner"]
[Result "1-0"]
[WhiteElo "1259"]
[BlackElo "1597"]
[PlyCount "111"]
[EventDate "2017.??.??"]
[WhiteTeam "SC Noris-Tarrasch Nürnberg 1873"]
[BlackTeam "SG Fürth"]

1. d4 d5 2. Nf3 c6 3. c3 Bf5 4. Bf4 Qb6 5. Qb3 Nd7 6. Nbd2 e6 7. e3 Ngf6 8. Ne5
Be7 9. Be2 O-O 10. O-O h6 11. f3 c5 12. Qxb6 Nxb6 13. e4 dxe4 14. fxe4 Nxe4 15.
Bf3 Nxd2 16. Bxd2 cxd4 17. cxd4 f6 18. Ng4 Rad8 19. Bc3 Nd5 20. Bxd5 Rxd5 21.
Ne3 Rb5 22. a4 Rb6 23. Nxf5 exf5 24. Rxf5 Re6 25. d5 Bc5+ 26. Kf1 Re3 27. Rd1
Bd6 28. h3 Rfe8 29. Rf2 Bg3 30. Rc2 Bd6 31. Re1 Rxe1+ 32. Bxe1 Re5 33. Rd2 Bb4
34. Re2 Rf5+ 35. Rf2 Rxf2+ 36. Bxf2 Kf7 37. Ke2 Bd6 38. Bxa7 Ke7 39. Kd3 Kd7
40. Kc4 Kc7 41. a5 Be5 42. b3 h5 43. b4 g5 44. Bd4 Kd6 45. b5 f5 46. Bxe5+ Kxe5
47. a6 bxa6 48. bxa6 Kf4 49. a7 Kg3 50. a8=Q Kxg2 51. Qa3 f4 52. Kd4 f3 53. Ke3
Kxh3 54. Kxf3 g4+ 55. Kf2+ g3+ 56. Qxg3# 1-0

[Event "Mittelfr. EM 2017 - Nebenturnier"]
[Site "Uttenreuth"]
[Date "2017.04.14"]
[Round "6.10"]
[White "Hauck, Martin"]
[Black "Walter, Gabriele"]
[Result "0-1"]
[WhiteElo "1488"]
[BlackElo "1552"]
[PlyCount "50"]
[EventDate "2017.??.??"]
[WhiteTeam "SC Noris-Tarrasch Nürnberg 1873"]
[BlackTeam "SV Lauf a.d.P."]

1. e4 c5 2. Nf3 Nc6 3. Be2 g6 4. a3 Bg7 5. Ra2 Nf6 6. d3 O-O 7. b3 b6 8. Bb2
Bb7 9. Nbd2 e6 10. h3 d5 11. exd5 exd5 12. d4 Re8 13. O-O Ne4 14. Nxe4 dxe4 15.
d5 Bxb2 16. Rxb2 exf3 17. Bxf3 Ne5 18. c4 Nxf3+ 19. Qxf3 Re7 20. Rbb1 Qd6 21.
Rbe1 Rae8 22. Rxe7 Rxe7 23. Qc3 Qe5 24. Qc1 Bc8 25. Re1 Qxe1+ 0-1

[Event "Mittelfr. EM 2017 - Nebenturnier"]
[Site "Uttenreuth"]
[Date "2017.04.15"]
[Round "7.1"]
[White "Petrashov, Alexander"]
[Black "Friedrich, Michael"]
[Result "1-0"]
[WhiteElo "1899"]
[BlackElo "1541"]
[PlyCount "41"]
[EventDate "2017.??.??"]
[WhiteTeam "SC Noris-Tarrasch Nürnberg 1873"]
[BlackTeam "SC Erlangen 48/88"]

1. d4 d5 2. c4 e6 3. Nc3 c5 4. cxd5 cxd4 5. Qxd4 Nc6 6. Qd1 exd5 7. Qxd5 Be6 8.
Qb5 Qd7 9. Bf4 a6 10. Qa4 b5 11. Nxb5 Rc8 12. Nc3 Qb7 13. Rb1 Bb4 14. Bd2 Bd7
15. e3 Na5 16. Qc2 Bc6 17. Nf3 Ne7 18. Be2 O-O 19. O-O Rfd8 20. Rfd1 Be4 21.
Qxe4 1-0

[Event "Mittelfr. EM 2017 - Nebenturnier"]
[Site "Uttenreuth"]
[Date "2017.04.15"]
[Round "7.2"]
[White "Luther, Helmut"]
[Black "Feldmann, Gerhard"]
[Result "1/2-1/2"]
[WhiteElo "2006"]
[BlackElo "1824"]
[PlyCount "123"]
[EventDate "2017.??.??"]
[WhiteTeam "SC Schwarz-Weiß Nürnberg Süd e.V"]
[BlackTeam "SGem Eckental"]

1. d4 Nf6 2. c4 e6 3. g3 d5 4. Bg2 Be7 5. Nf3 Nbd7 6. O-O O-O 7. b3 c6 8. Nc3
b6 9. Bb2 Bb7 10. Rc1 Rc8 11. Re1 c5 12. cxd5 exd5 13. e3 Bc6 14. Ne5 Ba8 15.
Nxd7 Qxd7 16. dxc5 Bxc5 17. Re2 Rfd8 18. Rd2 Qe6 19. Ne2 Ne4 20. Nd4 Qf6 21.
Rdc2 Bb7 22. Bh3 Qg6 23. b4 Bxd4 24. Bxd4 Rxc2 25. Rxc2 Ng5 26. Bg2 Qf5 27. h4
Ne4 28. Bb2 Rc8 29. Rxc8+ Bxc8 30. Qc2 Nxg3 31. Qxf5 Nxf5 32. Bxd5 Nxh4 33. a3
Ng6 34. Bd4 Ne7 35. Bf3 Nf5 36. Be5 a6 37. a4 Ne7 38. Bd6 Nf5 39. Bc7 b5 40.
axb5 axb5 41. Bc6 Ba6 42. Bb6 g6 43. Bc5 h5 44. Kg2 f6 45. Kf3 Kf7 46. Bd5+ Kg7
47. Ke4 h4 48. Kf4 Nh6 49. Kf3 g5 50. e4 Kg6 51. Bc6 Nf7 52. Be8 Kg7 53. Bxf7
Kxf7 54. Kg2 Ke6 55. f3 Ke5 56. Be7 Bb7 57. Kf2 g4 58. fxg4 Bxe4 59. g5 f5 60.
g6 f4 61. g7 Bd5 62. Bxh4 1/2-1/2

[Event "Mittelfr. EM 2017 - Nebenturnier"]
[Site "Uttenreuth"]
[Date "2017.04.15"]
[Round "7.4"]
[White "Diller, Andreas"]
[Black "Schlötterer, Hermann"]
[Result "1-0"]
[WhiteElo "1894"]
[BlackElo "1877"]
[PlyCount "77"]
[EventDate "2017.??.??"]
[WhiteTeam "SK Rothenburg e.V."]
[BlackTeam "Spvg Zabo-Eintracht Nürnberg e.V"]

1. e4 c5 2. f4 d5 3. e5 Bf5 4. Nf3 e6 5. Bb5+ Nd7 6. d3 Ne7 7. c4 d4 8. Nh4 h6
9. Nxf5 Nxf5 10. O-O g6 11. Qf3 Qc7 12. g4 Ng7 13. Nd2 Be7 14. Ne4 O-O-O 15.
Bxd7+ Qxd7 16. Nf6 Qc7 17. Qg3 h5 18. g5 Nf5 19. Qe1 Bxf6 20. exf6 h4 21. h3
Qc6 22. Kh2 Ng3 23. Rf2 Rhe8 24. Bd2 Qc7 25. Qe5 Nf5 26. a3 Rd7 27. b4 b6 28.
b5 a6 29. a4 Qxe5 30. fxe5 Ra7 31. Rff1 Kc7 32. a5 Rea8 33. axb6+ Kxb6 34. Ba5+
Kb7 35. b6 Ng3 36. Rfb1 Kc6 37. bxa7 Rxa7 38. Rb6+ Kd7 39. Rab1 1-0

[Event "Mittelfr. EM 2017 - Nebenturnier"]
[Site "Uttenreuth"]
[Date "2017.04.15"]
[Round "7.5"]
[White "Babichev, Vyacheslav"]
[Black "Rummel, Gerald"]
[Result "0-1"]
[WhiteElo "1863"]
[BlackElo "1772"]
[PlyCount "100"]
[EventDate "2017.??.??"]
[WhiteTeam "SC Schwarz-Weiß Nürnberg Süd e.V"]
[BlackTeam "SC Anderssen Nürnberg 1929 e.V."]

1. e4 c5 2. Nf3 Nc6 3. Bb5 Qc7 4. Nc3 e6 5. d4 cxd4 6. Nxd4 Nxd4 7. Qxd4 a6 8.
Be2 d6 9. Qd3 Nf6 10. Bg5 Be7 11. O-O O-O 12. Qg3 Rd8 13. f4 b5 14. Bh6 Ne8 15.
a3 Bb7 16. Kh1 Rac8 17. Bd3 Bf6 18. Nd1 Qc5 19. Qg4 Rc7 20. f5 e5 21. b4 Qd4
22. Rb1 Qa7 23. Be3 Qa8 24. Bb6 d5 25. exd5 Bxd5 26. Bxc7 Nxc7 27. Ne3 Bb7 28.
Qg3 h5 29. h4 Rd4 30. Kg1 Bxh4 31. Qxe5 Rd7 32. Qh2 Bg5 33. Rbe1 Qa7 34. Qg3 f6
35. Qf2 Rd4 36. Re2 Rf4 37. Qg3 Rg4 38. Qe1 Bxe3+ 39. Kh2 Nd5 40. g3 h4 41. Rf3
Rxg3 42. Rxg3 hxg3+ 43. Kxg3 Qd4 44. Kh2 Qf4+ 45. Kh3 Qh6+ 46. Kg3 Bf4+ 47. Kf2
Qh4+ 48. Kf1 Qh3+ 49. Kg1 Be3+ 50. Rf2 Nf4 0-1

[Event "Mittelfr. EM 2017 - Nebenturnier"]
[Site "Uttenreuth"]
[Date "2017.04.15"]
[Round "7.6"]
[White "Walter, Manfred"]
[Black "Weißmann, Peter"]
[Result "1-0"]
[WhiteElo "1800"]
[BlackElo "1737"]
[PlyCount "80"]
[EventDate "2017.??.??"]
[WhiteTeam "SV Lauf a.d.P."]
[BlackTeam "SK Zirndorf e.V."]

1. f4 d5 2. Nf3 Nf6 3. g3 c5 4. Bg2 g6 5. O-O Bg7 6. d3 O-O 7. c3 Nc6 8. Na3 a6
9. Qc2 Bf5 10. Nh4 Qd7 11. Nxf5 Qxf5 12. e4 dxe4 13. dxe4 Qd7 14. Be3 b6 15.
Nc4 Qc7 16. h3 b5 17. Na3 c4 18. Rad1 Rad8 19. e5 Nd7 20. Qe4 Ndb8 21. Nc2 a5
22. a4 Na7 23. Na3 f5 24. exf6 Bxf6 25. Qe6+ Kg7 26. Bb6 Qc8 27. Qxc8 Rxc8 28.
Bxa7 b4 29. Nb5 Nc6 30. Bxc6 Rxc6 31. Bd4 bxc3 32. Bxc3 Bxc3 33. bxc3 Rc5 34.
Rd7 Kf6 35. Re1 Rf7 36. Nc7 Rc6 37. Nd5+ Kg7 38. Rexe7 Rxe7 39. Rxe7+ Kf8 40.
Kf2 Rd6 1-0

[Event "Mittelfr. EM 2017 - Nebenturnier"]
[Site "Uttenreuth"]
[Date "2017.04.15"]
[Round "7.7"]
[White "Münzenberg, Dietrich"]
[Black "Balhar, Michael"]
[Result "0-1"]
[WhiteElo "1688"]
[BlackElo "1791"]
[PlyCount "72"]
[EventDate "2017.??.??"]
[WhiteTeam "Spvg Zabo-Eintracht Nürnberg e.V"]
[BlackTeam "SC Erlangen 48/88"]

1. d4 Nf6 2. Bg5 Ne4 3. Bf4 d5 4. f3 Nf6 5. c4 e6 6. Nc3 c5 7. Be3 b6 8. Bf2
cxd4 9. Bxd4 Bb7 10. cxd5 Nxd5 11. e4 Nb4 12. Bb5+ Bc6 13. Nge2 Qg5 14. Bxc6+
N8xc6 15. O-O Nxd4 16. Nxd4 Bc5 17. Kh1 O-O 18. f4 Qe7 19. a3 Bxd4 20. axb4
Rfd8 21. Qb3 Qb7 22. Rfe1 Bf2 23. Re2 Bd4 24. Rd1 Bxc3 25. bxc3 Qa6 26. Ree1
Rxd1 27. Qxd1 Qc4 28. Re3 h6 29. h4 a5 30. bxa5 Rxa5 31. Qd8+ Kh7 32. Qxb6 Qf1+
33. Kh2 Qxf4+ 34. Rg3 Qxh4+ 35. Rh3 Qf4+ 36. Rg3 Rh5+ 0-1

[Event "Mittelfr. EM 2017 - Nebenturnier"]
[Site "Uttenreuth"]
[Date "2017.04.15"]
[Round "7.8"]
[White "Dreiseitel, Werner"]
[Black "Grasser, Stefan"]
[Result "0-1"]
[WhiteElo "1597"]
[BlackElo "1755"]
[PlyCount "115"]
[EventDate "2017.??.??"]
[WhiteTeam "SG Fürth"]
[BlackTeam "Spvg Zabo-Eintracht Nürnberg e.V"]

1. d4 Nf6 2. Bf4 b6 3. f3 d5 4. e3 Nh5 5. Bg5 h6 6. Bh4 g5 7. Bf2 f5 8. c3 e6
9. Nd2 Nf6 10. Bd3 Bb7 11. Qc2 Rg8 12. Ne2 Nbd7 13. e4 dxe4 14. fxe4 Qe7 15.
O-O-O Ng4 16. Bg1 e5 17. h3 Ngf6 18. Ng3 fxe4 19. Ndxe4 O-O-O 20. Nxf6 Nxf6 21.
Nf5 Qe6 22. Nxh6 e4 23. Nxg8 exd3 24. Rxd3 Nxg8 25. Re3 Qxa2 26. Qf5+ Kb8 27.
Bh2 Qa1+ 28. Qb1 Qxb1+ 29. Kxb1 Bxg2 30. Rhe1 Nf6 31. R1e2 Bd5 32. Rf2 Nh7 33.
Rf5 Kb7 34. Kc1 c5 35. Be5 Re8 36. Re2 cxd4 37. cxd4 Rc8+ 38. Kb1 Be6 39. Rf3
g4 40. Rf4 gxh3 41. Rh4 Ng5 42. Bf6 Bf5+ 43. Ka2 Nf3 44. Rf4 h2 45. Rxh2 Nxh2
46. Rxf5 Ng4 47. Bg5 Bd6 48. d5 Ka6 49. Rf3 Rc4 50. Rd3 Nf2 51. Rf3 Ne4 52. Be3
Bc5 53. Bf4 Nd6 54. Bxd6 Bxd6 55. Rd3 Kb5 56. Kb3 Kc5 57. Rd1 Rd4 58. Rc1+ 0-1

[Event "Mittelfr. EM 2017 - Nebenturnier"]
[Site "Uttenreuth"]
[Date "2017.04.15"]
[Round "7.9"]
[White "Walter, Gabriele"]
[Black "Diebel, Günter"]
[Result "1-0"]
[WhiteElo "1552"]
[BlackElo "1874"]
[PlyCount "47"]
[EventDate "2017.??.??"]
[WhiteTeam "SV Lauf a.d.P."]
[BlackTeam "SC Schwarz-Weiß Nürnberg Süd e.V"]

1. c4 g6 2. g3 Bg7 3. Bg2 c6 4. Nc3 d6 5. e3 e5 6. Nge2 Be6 7. b3 Qd7 8. O-O
Bh3 9. Bb2 Bxg2 10. Kxg2 h5 11. h4 g5 12. Rh1 Bf6 13. Ne4 Be7 14. hxg5 Qf5 15.
N2c3 Bxg5 16. Rxh5 Qg6 17. Rxh8 Kf8 18. Qg4 f6 19. Nxg5 Qxg5 20. Qxg5 fxg5 21.
Ne4 Kg7 22. Rah1 Nd7 23. Nxd6 b6 24. R1h7+ 1-0

[Event "Mittelfr. EM 2017 - Nebenturnier"]
[Site "Uttenreuth"]
[Date "2017.04.15"]
[Round "7.10"]
[White "Hauck, Martin"]
[Black "Huber, Dominik"]
[Result "1/2-1/2"]
[WhiteElo "1488"]
[BlackElo "1259"]
[PlyCount "81"]
[EventDate "2017.??.??"]
[WhiteTeam "SC Noris-Tarrasch Nürnberg 1873"]
[BlackTeam "SC Noris-Tarrasch Nürnberg 1873"]

1. e4 c6 2. Nf3 d5 3. exd5 cxd5 4. Bb5+ Bd7 5. Bxd7+ Qxd7 6. O-O Nf6 7. d4 e6
8. Ne5 Qc7 9. Bg5 Ne4 10. Bf4 Qb6 11. Nc3 Nd6 12. b3 Nc6 13. Nxc6 Qxc6 14. Na4
Nf5 15. c3 b5 16. Nc5 Bxc5 17. dxc5 Qxc5 18. Rc1 Rc8 19. Be5 O-O 20. Qg4 Rc6
21. h4 Rfc8 22. a4 f6 23. Bxf6 bxa4 24. b4 Qd6 25. Rfe1 a3 26. Re3 Kf7 27. Be5
Qd7 28. Rf3 Kg8 29. h5 a2 30. b5 Rc4 31. Rf4 Qxb5 32. Qd1 Qb2 33. Rxf5 exf5 34.
Qxd5+ Kh8 35. Bxg7+ Kxg7 36. Qe5+ Kg8 37. Qe6+ Kh8 38. Qf6+ Kg8 39. Qg5+ Kh8
40. Qf6+ Kg8 41. Qe6+ 1/2-1/2